| 000 | 00441pab a2200169 454500 | ||
|---|---|---|---|
| 008 | 180718b2009 xxu||||| |||| 00| 0 eng d | ||
| 100 | _aCroucher, Richard | ||
| 245 | _aThe legal structuring of women's collective voice in the South Korean workplace | ||
| 260 | _c2009 | ||
| 300 | _ap.231-46. | ||
| 362 | _aMay | ||
| 650 | _aWomen | ||
| 700 | _aMiles, Lilian | ||
| 773 | _aJournal of Contemporary Asia | ||
| 908 | _aN | ||
| 909 | _a82576 | ||
| 999 |
_c82576 _d82576 |
||